Earthworm Jim 2 - Quiz Game - Statistics

General Stats
  • This quiz has been taken 27 times
    26 since last reset
  • The average score is 23 of 94
Answer Stats
Question Answer % Correct
Can Peter Puppy have a bite of your ice cream sandwich? Over my dead body
45%
Jim was born in what state? Texas
45%
What is the meaning of life? 42
36%
How fast does Jim's plasma gun fire? A bazillion rounds a second.
36%
Fore! A nice shot!
36%
Don't worry, Be happy
36%
When bowling, Psy-Crow needs 7 pins to win. He should: Hit reset and get a spare if no one sees
36%
Can Psy-Crow beat Jim at arm wrestling? Jim as no arms
36%
When is Jim's birthday? June 9th, 1994
36%
If all the particles in the universe were to collapse to a single point, it would create a: Mess
36%
In China, this American cartoon character was renamed. What was he called? Mickey Mao
36%
Can I borrow ten dollars but only take five? That way I'll owe you five dollars and you'll owe me five and we'll both be even. O.K.
36%
Is Jim dyslexic? Sey
36%
In a dogfight between a Spitfire and a Harrier, which plane would win? The Harrier
36%
Is this a trick question? The sock
36%
How many donuts are in a dozen? 8, by the time you get home.
27%
What was the answer to the previous question? A
27%
If Jim wasn't an earthworm what would he be? A Cow
27%
When Peter Puppy gets angry, he: Acts like he's been 'belted by gamma rays'
27%
What is Jim's favorite magazine? Annelid Monthly
27%
How do you compute the area of a circle? Ask your doctor
27%
How many legs does the shark have? As many as it wants
27%
What exactly is a mojo? A tiny Elvis
27%
Does Jim have piranha in his aquarium? Both A and B
27%
"Alas poor Yorrick..." was written by: Chocolate Shakes
27%
Seven times seven equals: C'mon, I really need this power-up!
27%
Who is Leo Tolstoy? Dead
27%
Who is the king of the animals in Africa? Earthworm Jimba
27%
Where does Mrs. Schultz live? Germany
27%
What color is Jim's red gun? Green
27%
Can Jim speak Japanese? iie
27%
In college Jim played what sport? Jousting
27%
During his short-lived rap career, Jim was known as: M.C. Sweet N Low
27%
How does Jim spell his first name? MIJ
27%
What is Earthworm Jim's favorite Christmas carol? My Funny Valentine
27%
Hey kids, what time is it? Nick
27%
Can you rub your stomach and pad your head? No
27%
Can Jim speak France? Non
27%
Does misery love company? None of your beeswax.
27%
Winning a coupon for a discount on something you have to buy is: Not winning anything
27%
If cigarettes cause cancer what causes capricorn? One and one half pounds of butter.
27%
Jim's super suit is what size? One size fits all
27%
How can you easily complete this level? Press reset
27%
These walk down stairs, alone or in pairs. Shoes
27%
Can Jim speak Spanish? Si
27%
Where is Jim originally from? Texas
27%
What is Earthworm Jim's favorite disco dance step? The Funky Cow
27%
How long is a piece of string? The same shape as something beige
27%
Major Mucus usually has: Tons of loose change
27%
Who are you? Who, who, who, who?
27%
What year did the Battle of Hamstrings take place? 101 D.M.
18%
I think I've heard that before ... Andy probably told you already
18%
What is the 'Manta'? A secret move for Jim
18%
If Mike runs east with two apples, when does the train arrive with peaches? As soon as Herb arrives
18%
Sometimes the correct answer isn't: B
18%
Why are we here? Because Scott is coming at 10am.
18%
Can Jim speak German? Bitte, wo ist die toilette?
18%
What is Doc Duodenum's favorite cheese? Camembert
18%
What kind of license do you need to fly a pocket rocket? Class C
18%
Why is this question here? Don is hell bent on getting his name into this game.
18%
When will The Hammer tie the knot? Feb 7th, 1997
18%
Jim's super suit is: Filled with healthy and delicous oat bran.
18%
If I said you had a nice personality, would you: Hold it against me
18%
Jim makes a good: Hood Ornament
18%
Phrase your response in the form of a question. Huh?
18%
What is a paradox? I don't know
18%
If Dan was stuck in Mexico City, how many days would it take before he would eat? Mexican food is good; Dan is evil.
18%
Have you read the instruction manual? No
18%
Can Jim tie himself into a knot? No
18%
Does Jim's mother approve of the girls he dates? No, she does not.
18%
What is the Union Jack? Organized labor's tool for changing a flat tire.
18%
Jim's favorite magic trick is: Pulling a rabbit out of a hat
18%
What food is not available on the streets of New York City? Real beef hotdogs
18%
What is Jim's favorite fighting game? Samurai Slowdown
18%
Use what in place of butter when cooking? Shortening
18%
Psy-Crow was named after which Shiny employee? Steve Crow
18%
What is Jim's second favorite disguise, after 'Blind Sally'? Steve's Shop Vacuum
18%
If 'A' is the correct answer, what is 'B'? The correct answer
18%
May I be excused to go to the bathroom? The Industrial Revolution
18%
Why are Jim's eyes different in color and size? The ladies love it.
18%
I don't get it. The right answer is often wrong, and the rest don't make sense, so you haven't much of a chance anyway.
18%
What Broadway musical is based on annelids? The Worm of the Opera
18%
Animotion 2 is: Vaporware
18%
W.W.W. stands for: Weewy Wascawy Wabbit
18%
Coal is to water as light bulb is to: Wet Coal
18%
What is Princess What's-Her-Name's real name? What's-Her-Name
18%
Is there a correct answer for this question? Yes
18%
Have you seen the Earthworm Jim Cartoon? Yes
18%
What is a Chip Butty? A totally rad power up.
9%
Jim is to worm as Jam is to: Dog
9%
The correct answer is: I'm not really sure
9%
What flavor is a cow? Milk
9%
Would you like that on account or gift certificate? On account of I'm cool.
9%
What character was not in the first EWJ game? Shemp
9%
No matching quizzes found
Score Distribution
Percent of People with Each Score
Percentile by Number Answered
Your Score History
You have not taken this quiz since the last reset